Dissertatio Qvae Erroneam Hieronymi Sententiam De Stvpidis Galatarvm Ingeniis

Bibliographic Details
Main Author: Hofmann, Karl Gottlob, 1703-1774 (Author, Dissertant)
Corporate Author: Zeidler, Andreas (Lipsko, Nemecko) (Printer)
Other Authors: Zeidler, Andreas, 1663-1736 (Printer)
Format: Book
Language:Latin
PhysicalDescription:[6], 22 strán 21 cm
Published: Lipsiae Literis Zeidlerianis MDCCXXVI [=1726]
Subjects:

MARC

LEADER 00000nam a2200000 a 4500
001 vtls011746379
003 SK-MaSNL
005 20260301182935.0
008 251112s1728 gw 000 0 lat
015 |a SNBHFA1728 
035 |a urn:nbn:sk:snk-am00dwwx 
035 |a urn:nbn:sk:snk-am3i82p 
035 |a AAA35575-DE97-4B60-9AD2-6CCA32D55864 
040 |a SNKHF  |b slo  |c SNK  |e AACR2 
041 0 |a lat 
044 |a gw  |c DE 
072 7 |a 2  |x Náboženstvo  |2 konspekt 
072 7 |a 27  |x Kresťanstvo. Kresťanská cirkev všeobecne. Ekleziológia  |2 konspekt 
080 |a 21/29-1/-9  |2 2011 
080 |a 2-1  |2 2011 
080 |a 27  |2 2011 
080 |a 26-23  |2 2011 
080 |a 378.245  |2 2001 
080 |a 27-312.55  |2 2011 
100 1 |a Hofmann, Karl Gottlob,  |d 1703-1774  |4 aut  |4 dis  |9 351822 
245 1 0 |a Dissertatio Qvae Erroneam Hieronymi Sententiam De Stvpidis Galatarvm Ingeniis  |c M. Carolovs Gottlob Hofmannvs 
260 |a Lipsiae  |b Literis Zeidlerianis  |c MDCCXXVI [=1726] 
300 |a [6], 22 strán  |c 21 cm 
500 |a Typografické linky, vineta, živé záhlavie, iniciálka na 5 r. s ornamentálnym pozadím, iniciálka na 4 r. bez pozadia, kustódy 
501 |a Príväzok 5. k: CARPZOV, Johann Gottlob. [...] Vindiciae Criticae Codicis Sacri Hebraei, Qvas Adversus Criminationes Gvilielmi Whisthoni In Tentamine Restaurandi Textum Hebraicum etc. Lipsiae : Literis Breitkopfianis, MDCCXXIV [=1724].  |5 SNK IC 143987 
504 |a Tlačené marginálie 
508 |a Dedikácia: Domino. Joanni Jacobo Mascovio Ivris. Vtrivsqve. Doctori [...] 
546 |a Gréčtina  |b Grécka abeceda 
546 |a Latinčina  |b Antikva 
561 |a Z knižnice Učenej spoločnosti malohontskej.  |5 SNK IC 143987 prív.5 
563 |a Kožená väzba so zlatou slepotlačou na chrbte.  |5 SNK IC 143987 prív.5 
650 0 7 |a teológia  |2 SNKPH  |9 1814 
650 0 7 |a biblické texty  |2 SNKPH  |9 1917 
650 0 7 |a dizertácie  |2 SNKPH  |9 4040 
650 0 7 |a apoštoli  |2 SNKPH  |9 69621 
700 1 |a Mascov, Johann Jakob,  |d 1689-1761  |4 hnr  |9 557524 
700 1 |a Zeidler, Andreas,  |d 1663-1736  |4 prt  |9 557525 
710 2 |a Učená spoločnosť malohontská  |4 fmo  |9 205374 
710 0 |a Zeidler, Andreas (Lipsko, Nemecko),  |d 1689-1736  |4 prt  |9 557526 
752 |a Nemecko  |d Lipsko 
852 |a snk  |b Historické fondy  |p IC 143987 prív.5 
958 |a ONDV 
999 |c 855276  |d 857206 
952 |t MHC II.B.e.XI  |a SNK  |b SNK  |c SNK_HF  |y PREZ  |7 0  |p 17A1299799  |o snkIC 143987/prív.5  |i snk2018/6416  |8 5  |0 0  |1 0  |4 0  |d 2018-03-15  |f 1  |l 0  |r 2026-02-24 04:54:35  |w 2026-02-24